Singers for each letter - Statistics

General Stats
  • This quiz has been taken 18 times
  • The average score is 10 of 26
Answer Stats
Hint Answer % Correct
Firework, Roar, Teenage Dream Katy Perry
94%
Another One Bites The Dust, Don’t Stop Me Now, Killer Queen Queen
75%
Starboy, Save Your Tears, Blinding Lights Weeknd
75%
This Love, Memories, Girls Like You (feat. Cardi B) Maroon 5
63%
Shivers, Beautiful People (feat. Khalid), Camera Ed Sheeran
56%
Burn, DJ Got Us Fallin’ In Love (feat. Pitbull), Crash Usher
56%
Ordinary, Carry You Home, Fever Dream Alex Warren
50%
Attention, Light Switch, Home (feat. Hikaru Utada Charlie Puth
44%
Low (feat. T-Pain), Good Feeling, Wild Ones (feat. Sia) Flo Rida
44%
Believer, Bones, Thunder Imagine Dragons
44%
Save Me Tonight (feat. David Guetta), On The Floor, Dance Again Jennifer Lopez
44%
American Girls, Adore You, Aperture Harry Styles
38%
Give Me Everything (feat. Nayer, Ne-yo and Afrojack), Hotel Room Service, Back In Time (M.I.B. 3 theme tune) Pitbull
38%
Cheerleader, Hula Hoop, Masterpiece (feat. Felix Jaehn) Omi
31%
Click Clack Symphony (feat. Hans Zimmer), Where Is My Husband, Nightingale Lane Rayé
31%
La La La (feat. Naughty Boy), Dancing With A Stranger (feat. Normani), Lay Me Down Sam Smith
31%
Mess is mine, Riptide, Clarity Vance Joy
31%
New Religion (feat. Faithless), I’m Good, Say My Name Bebe Rexha
25%
Messy, Concieted, You Noticed Lola Young
25%
King, Starstruck, Shine Years & Years
25%
Location (feat. Burna Boy), Raindance (feat. Tems), Starlight. Dave
19%
Hold My Girl, Paradise, Shotgun George Ezra
13%
Heaven, Drive Safe (feat. Myles Smith), Nice To Meet Ya Niall Horan
13%
Boom, Unsteady, Renegades X Ambassadors
13%
Mr. Know It All, Gone Gone Gone (feat. Tones and I and David Guetta), Guilty Teddy Swims
6%
Hide Away, Don’t Let Me Down (feat. Chainsmokers), Sit Still Look Pretty Zendaya
0%
No matching quizzes found
Score Distribution
Percent of People with Each Score
Percentile by Number Answered
Your Score History
You have not taken this quiz